Most streamed songs : Ice Nine Kills - Statistics

General Stats
  • This quiz has been taken 22 times
    8 since last reset
  • The average score is 13 of 20
Answer Stats
Rank Number of streams Song Album/EP % Correct
1. 92 455 919 A Grave Mistake The Silver Scream
100%
2. 73 086 189 The American Nightmare The Silver Scream
100%
12. 25 034 748 A Work Of Art (feat. SHAVO of System Of A Down) Single
80%
3. 54 899 644 Hip To Be Scared [Feay. Jacoby Shaddix] Welcome To Horrorwood: The Silver Scream 2
80%
17. 16 736 906 Meat & Greet Welcome To Horrorwood: Under Fire
80%
5. 43 977 646 Rainy Day Welcome To Horrorwood: The Silver Scream 2
80%
13. 24 177 856 SAVAGES The Silver Scream
80%
4. 51 911 476 Stabbing In The Dark The Silver Scream
80%
6. 39 718 048 The Shower Scene Welcome To Horrorwood: The Silver Scream 2
80%
10. 31 621 991 Welcome to Horrorwood Welcome To Horrorwood: The Silver Scream 2
80%
7. 37 675 426 Funeral Derangements Welcome To Horrorwood: The Silver Scream 2
60%
11. 26 548 373 IT Is The End (ft. JR Wasilewski & Buddy Schaub of Less Than Jake and Will Salazar of Fenix TX) The Silver Scream
60%
8. 34 155 124 Someone Like You The Predator
60%
9. 31 667 464 Thank God It's Friday The Silver Scream
60%
14. 24 044 517 Assaults & Batteries Welcome To Horrorwood: The Silver Scream 2
40%
16. 18 730 819 Communion Of The Cursed Every Trick In The Book
40%
20. 14 699 844 Enjoy Your Slay (feat. Sam Kubrick) The Silver Scream
40%
18. 15 792 447 Me, Myself & Hyde Every Trick In The Book
40%
19. 15 586 544 A Rash Decision Welcome To Horrorwood: The Silver Scream 2
20%
15. 21 322 552 Ex‐Mørtis Welcome To Horrorwood: The Silver Scream 2
20%
No matching quizzes found
Score Distribution
Percent of People with Each Score
Percentile by Number Answered
Your Score History
You have not taken this quiz since the last reset